<?xml version="1.0" encoding="UTF-8"?>
<record
    xmlns:xsi="http://www.w3.org/2001/XMLSchema-instance"
    xsi:schemaLocation="http://www.loc.gov/MARC21/slim http://www.loc.gov/standards/marcxml/schema/MARC21slim.xsd"
    xmlns="http://www.loc.gov/MARC21/slim">

  <leader>01976    a2200205   4500</leader>
  <controlfield tag="001">34970</controlfield>
  <controlfield tag="005">20260407155635.0</controlfield>
  <controlfield tag="008">260407a1984    arg                 spa d</controlfield>
  <controlfield tag="003">AR-UNSa-BCEJYS</controlfield>
  <datafield tag="040" ind1=" " ind2=" ">
    <subfield code="a">AR-UNSa-BCEJYS</subfield>
    <subfield code="b">spa</subfield>
    <subfield code="c">AR-UNSa-BCEJYS</subfield>
  </datafield>
  <datafield tag="080" ind1=" " ind2=" ">
    <subfield code="a">35</subfield>
    <subfield code="x">Administraci&#xF3;n P&#xFA;blica</subfield>
  </datafield>
  <datafield tag="245" ind1="1" ind2="0">
    <subfield code="a">La reforma de la administraci&#xF3;n p&#xFA;blica en America Latina</subfield>
    <subfield code="p">elementos para una evaluaci&#xF3;n</subfield>
  </datafield>
  <datafield tag="264" ind1=" " ind2="1">
    <subfield code="a">Madrid :</subfield>
    <subfield code="b">Instituto Nacional de Administraci&#xF3;n P&#xFA;blica (INAP)</subfield>
    <subfield code="c">1984</subfield>
  </datafield>
  <datafield tag="300" ind1=" " ind2=" ">
    <subfield code="a">326 p.</subfield>
    <subfield code="c">19 cm.</subfield>
  </datafield>
  <datafield tag="505" ind1=" " ind2=" ">
    <subfield code="a">Parte I: An&#xE1;lisis globales: 1. La reforma administrativa en Am&#xE9;rica Latina. Una revisi&#xF3;n del marco conceptual / Bernardo Kliksberg &#x2013; 2. El papel de la reforma administrativa en la estrategia del desarrollo / Gonzalo Martner -3. Administraci&#xF3;n P&#xFA;bica: Bases sustantivas para su reforma e investigaci&#xF3;n / Paulo Motta &#x2013; Parte II: Problemas claves: 4. Administraci&#xF3;n P&#xFA;blica versus Administraci&#xF3;n Privada. Aspectos de eficiencia / Humberto Gallego G. &#x2013; 5. Reflexiones sobre problemas estrat&#xE9;gicos en el adiestramiento y la formaci&#xF3;n de recursos humanos para la gesti&#xF3;n p&#xFA;blica en Am&#xE9;rica Latina / Bernardo Kliksberg &#x2013; 6. Reflexiones sobre la producci&#xF3;n de tecnolog&#xED;a administrativa para el sector p&#xFA;blico en los pa&#xED;ses en desarrollo / Yehezkel Dror &#x2013; 7. La cooperaci&#xF3;n t&#xE9;cnica de las Naciones Unidas en reforma administrativa e investigaci&#xF3;n en Administraci&#xF3;n P&#xFA;blica en Am&#xE9;rica Latina / Ignacio P&#xE9;rez Salgado &#x2013; 8. Formaci&#xF3;n hist&#xF3;rica del Estado en Am&#xE9;rica Latina: elementos te&#xF3;rico-metodol&#xF3;gicos para su estudio / Oscar Oszlak &#x2013; Parte III: Evaluaci&#xF3;n de experiencias nacionales: 9. Reflexiones sobre la estrategia de la reforma administrativa: la experiencia brasilera / Kleber Nascimiento &#x2013; 10. Algunas consideraciones sobre la reforma administrativa en Venezuela / Luis Rodr&#xED;guez Mena - </subfield>
  </datafield>
  <datafield tag="041" ind1=" " ind2=" ">
    <subfield code="a">spa</subfield>
  </datafield>
  <datafield tag="942" ind1=" " ind2=" ">
    <subfield code="c">BK</subfield>
  </datafield>
  <datafield tag="590" ind1=" " ind2=" ">
    <subfield code="a">niveau_biblio:m niveau_hierar:0</subfield>
  </datafield>
  <datafield tag="100" ind1="1" ind2=" ">
    <subfield code="a">Kliksberg, Bernardo</subfield>
  </datafield>
  <datafield tag="999" ind1=" " ind2=" ">
    <subfield code="c">2523</subfield>
    <subfield code="d">2523</subfield>
  </datafield>
  <datafield tag="952" ind1=" " ind2=" ">
    <subfield code="0">0</subfield>
    <subfield code="1">0</subfield>
    <subfield code="4">0</subfield>
    <subfield code="7">0</subfield>
    <subfield code="a">BCEJYS</subfield>
    <subfield code="b">BCEJYS</subfield>
    <subfield code="c">16</subfield>
    <subfield code="d">2026-04-07</subfield>
    <subfield code="l">0</subfield>
    <subfield code="o">35 K65</subfield>
    <subfield code="p">L58185</subfield>
    <subfield code="r">2026-04-07 15:56:35</subfield>
    <subfield code="w">2026-04-07</subfield>
    <subfield code="y">L</subfield>
  </datafield>
  <datafield tag="952" ind1=" " ind2=" ">
    <subfield code="0">0</subfield>
    <subfield code="1">0</subfield>
    <subfield code="4">0</subfield>
    <subfield code="7">0</subfield>
    <subfield code="a">BCEJYS</subfield>
    <subfield code="b">BCEJYS</subfield>
    <subfield code="c">16</subfield>
    <subfield code="d">2026-04-07</subfield>
    <subfield code="l">0</subfield>
    <subfield code="o">35 K65</subfield>
    <subfield code="p">L45545</subfield>
    <subfield code="r">2026-04-07 15:56:35</subfield>
    <subfield code="w">2026-04-07</subfield>
    <subfield code="y">L</subfield>
  </datafield>
</record>
